00717nam a2200241 a 4500001001300000003000900013005001700022008004100039020001000080082001300090100001600103245005800119260003200177300000900209500003500218505003400253650002400287700001600311902000800327942000700335952011600342999001700458nice12345678IN_TiNIC20260116015259.0050524s1999 newa grp 000 0 eng  ac14500a428bECO aEconomist,  aStyle Guideb the Best Selling Guide to English Usage aNew DelhibViva Booksc1999 a153p aincludes index and biblioraphy2 aEpilogue, Bibliography, Index aEnglish Course Book1 aEconomist,  bSRS cBK 001040708StackRoom-aHMIbHMId2007-06-06g145.00l0o428 ECOp11001294r2007-06-06v145.00w2005-05-24yBK c19048d19048